01080nam a2200289 i 450000500170000000800410001702000150005804000350007304100080010824501500011625000220026626400270028830000580031533600270037333700330040033800280043365000370046165000390049865000380053765000370057565000390061270000480065170000500069994200150074908400110076499900150077520220317000001.0141031s2010 mx a g 000 p spa d a9684940068 aCO-BoRNBPbspacCO-BoRNBPerda0 aspa03aLa luciérnagabantología para niños de la poesía mexicana contemporáneaccompilado por Francisco Serrano ; ilustrado por Alberto Blanco aPrimera edición 1aMéxicobCidclic2010 a136 páginasbilustraciones en blanco y negroc23 cm atextobtxt2rdacontent asin mediaciónbn2rdamedia avolumenbnc2rdacarrier14aPoesía infantil mexicana2LEMB14aLiteratura infantil mexicana2LEMB14aAnimalesvPoesía infantil2LEMB14aNiñosvPoesía infantil2LEMB14aHermanos vPoesía infantil2LEMB1 aBlanco, Alberto,d1951-eilustrador91231111 aSerrano, Francisco,d1949-ecompilador993457 2loccBKLIT aP LUC2 c2824d2824